[Event "IECG CB.2003.0.00099 email"]
[Site "IECG email"]
[Date "2003.11.30"]
[Round "?"]
[White "Portune, Robert"]
[Black "Gralke, Wolfgang"]
[Result "1/2-1/2"]
[WhiteElo "1900"]
[BlackElo "1801"]
[PlyCount "62"]
[EventDate "2003.11.30"]
[EventType "tourn (corr)"]
[EventRounds "6"]
[SourceTitle "Corr 2008"]
[Source "ChessBase"]
[SourceDate "2008.06.24"]
[SourceVersion "1"]
[SourceVersionDate "2008.06.24"]
[SourceQuality "1"]

1. e4 e5 2. Bc4 Nf6 3. Nc3 Nxe4 4. Qh5 Nd6 5. Qxe5+ Qe7 6. Qxe7+ Bxe7 7. Bb3 c6 8. Nf3 Nf5 9. d4 d5 10. 0-0 0-0 11. Re1 Re8 12. Bg5 Be6 13. Ne2 Nd7 14. c3 Nd6 15. Ng3 Nf6 16. Bc2 h6 17. Bf4 a5 18. Ne5 Bf8 19. a4 g5 20. Bc1 Nde4 21. Nxe4 Nxe4 22. Bxe4 dxe4 23. Rxe4 f6 24. Nf3 Bd6 25. Re3 b6 26. Nd2 Bf4 27. Re1 Bd5 28. Nf3 Bc7 29. Be3 Re7 30. Rac1 Rd8 31. Bd2 Rxe1+ 1/2-1/2